000 00190nam a2200073Ia 4500
008 170524s9999 xx 000 0 und d
100 _aCOHEN- STEVEN
245 0 _aNEGOTIATING SKILLS FOR MANAGERS
260 _bTATA MCGRAW HILL
999 _c8103
_d8103